| 000 | 01104cam a2200337Ma 4500 | ||
|---|---|---|---|
| 999 |
_c5786 _d5786 |
||
| 001 | ocn758801018 | ||
| 003 | OCoLC | ||
| 005 | 20200817174331.0 | ||
| 008 | 090629s2010 nyua b 001 0 eng | ||
| 010 | _a 2009026767 | ||
| 015 |
_aGBA9A8596 _2bnb |
||
| 016 | 7 |
_a015415014 _2Uk |
|
| 020 | _a9780521191364 | ||
| 020 | _a052119136X | ||
| 020 |
_a9780521138727 _q(pbk.) |
||
| 020 |
_a0521138728 _q(pbk.) |
||
| 035 | _a(OCoLC)758801018 | ||
| 040 |
_aDLC _beng _cTZ-ArACH |
||
| 049 | _aTZAA | ||
| 050 | 0 | 0 |
_aKZ1277 _b.L47 2010 |
| 100 | 1 | _aLepard, Brian D. | |
| 245 | 1 | 0 |
_aCustomary international law : _ba new theory with practical applications / _cBrian D. Lepard. |
| 260 |
_aNew York : _bCambridge University Press, _c2010. |
||
| 300 |
_axx, 419 pages : _billustrations ; _c24 cm. |
||
| 490 | 1 | _aASIL studies in international legal theory | |
| 504 | _aIncludes bibliographical references (pages 381-396) and index. | ||
| 650 | 0 | _aCustomary law, International. | |
| 650 | 7 |
_aCustomary law, International. _2fast |
|
| 830 | 0 | _aASIL studies in international legal theory. | |
| 942 |
_2lcc _cBOOK |
||